000 00502nam a2200169Ia 4500
005 20250710124120.0
008 250710s9999 xx 000 0 und d
020 _a9780521838610
082 _a935.01
_bHOU
100 _aHouston, Stephen D.
245 4 _aThe First Writing
260 _bCambridge University Press
_c2004
300 _a444 pages
500 _aIn this book, leading scholars in the field discuss and analyse the origins of ancient writing.
650 _aHistory
942 _cENGLISH
999 _c575410
_d575410